Democratización, gobernabilidad y actores políticos en el proceso de integración regional. Una reflexión sobre Centroamérica

Guardat en:
Dades bibliogràfiques
Autor principal: Sojo Obando, Carlos
Autor corporatiu: FLACSO
Format: Text
Publicat: Guatemala: s.e.
Etiquetes: Afegir etiqueta
Sense etiquetes, Sigues el primer a etiquetar aquest registre!

MARC

LEADER 00000 a a2200000 04500
001 22147
003
040
090 |a 150000  
100 |a Sojo Obando, Carlos  
110 |a FLACSO  
245 |a Democratización, gobernabilidad y actores políticos en el proceso de integración regional. Una reflexión sobre Centroamérica  
260 |a Guatemala:   |b s.e.  
300 |a 17 p.  
999 |c 10066  |d 10066